| 000 | 00395pab a2200157 454500 | ||
|---|---|---|---|
| 008 | 180718b2014 xxu||||| |||| 00| 0 eng d | ||
| 100 | _aKilman, Andrew | ||
| 245 | _aThe Whiggish foundations of Marxian and Sraffian economics | ||
| 260 | _c2014 | ||
| 300 | _ap.643-661. | ||
| 362 | _aMay | ||
| 650 | _aMarxism | ||
| 773 | _aCambridge Journal of Economics | ||
| 908 | _aN | ||
| 909 | _a104850 | ||
| 999 |
_c104845 _d104845 |
||